The economics of architectural conservation : based on proceddings of a consultation at the King`s Manor 13-14 February 1995. (Record no. 93477)

MARC details
000 -LEADER
fixed length control field 00804cam a2200253 4500
008 - FIXED-LENGTH DATA ELEMENTS--GENERAL INFORMATION
fixed length control field 090401t1995 xxu||||| |||| 00| 0 eng d
020 ## - INTERNATIONAL STANDARD BOOK NUMBER
International Standard Book Number 0904761517
035 ## - SYSTEM CONTROL NUMBER
System control number (Sirsi) u54477
041 ## - LANGUAGE CODE
Language code of text/sound track or separate title eng
050 ## - LIBRARY OF CONGRESS CALL NUMBER
Classification number 690.241
110 ## - MAIN ENTRY--CORPORATE NAME
Corporate name or jurisdiction name as entry element University of York
9 (RLIN) 539
245 #4 - TITLE STATEMENT
Title The economics of architectural conservation : based on proceddings of a consultation at the King`s Manor 13-14 February 1995.
260 ## - PUBLICATION, DISTRIBUTION, ETC.
Place of publication, distribution, etc. York
Name of publisher, distributor, etc. Institute of Advanced Architectural Stud
Date of publication, distribution, etc. 1995
300 ## - PHYSICAL DESCRIPTION
Extent 118p. : ill. ; 30cm.
350 ## - PRICE (NR) (BK AM CF MU VM SE) [OBSOLETE]
Price 20
650 ## - SUBJECT ADDED ENTRY--TOPICAL TERM
Topical term or geographic name entry element ARCHITECTURE
650 ## - SUBJECT ADDED ENTRY--TOPICAL TERM
Topical term or geographic name entry element ARCHITECTURAL CONSERVATION
650 ## - SUBJECT ADDED ENTRY--TOPICAL TERM
Topical term or geographic name entry element BUILDING CONSERVATION
650 ## - SUBJECT ADDED ENTRY--TOPICAL TERM
Topical term or geographic name entry element HISTORIC BUILDINGS
690 ## - LOCAL SUBJECT ADDED ENTRY--TOPICAL TERM (OCLC, RLIN)
Topical term or geographic name as entry element CONSERVATION
700 ## - ADDED ENTRY--PERSONAL NAME
Personal name Burman, Peter, Pickard, Rob & Taylor, Sue,
International Standard Serial Number Editor
942 ## - ADDED ENTRY ELEMENTS (KOHA)
Suppress in OPAC 0
948 ## - LOCAL PROCESSING INFORMATION (OCLC); SERIES PART DESIGNATOR (RLIN)
c (OCLC) 04/03/1997
Holdings
Withdrawn status Lost status Source of classification or shelving scheme Damaged status Not for loan Home library Current library Shelving location Date acquired Cost, normal purchase price Total Checkouts Full call number Barcode Date last seen Date last checked out Copy number Cost, replacement price Price effective from Koha item type
    Dewey Decimal Classification     London London Folio 02/07/1996 20.00 13 F690.241 30049908 06/08/2019 02/01/2007 1 20.00 06/08/2019 Book